| 000 | 00461nam a22001577a 4500 | ||
|---|---|---|---|
| 005 | 20250915113720.0 | ||
| 008 | 250915b |||||||| |||| 00| 0 eng d | ||
| 020 | _a979-8-88715-013-0 | ||
| 100 | _aADAM, BETTY | ||
| 245 | _aFRUIT AND VEGETABLE BIOTECHNOLOGY | ||
| 260 |
_aDUBLIN _bORYSON PRESS _c2023 |
||
| 300 | _aX, 288P. | ||
| 500 | _aINCLUDES BIBLIOGRAPHICAL REFERENCES | ||
| 650 | _a1. FRUIT BIOTECHNOLOGY 2. VEGETABLE BIOTECHNOLOGY | ||
| 942 |
_2lcc _cBK |
||
| 999 |
_c216083 _d216083 |
||